[Event "SportAccord Blitz Men 2013"]
[Site "Beijing CHN"]
[Date "2013.12.15"]
[Round "17.2"]
[White "Mamedyarov, Shakhriyar"]
[Black "Ivanchuk, Vassily"]
[Result "1-0"]
[WhiteTitle "GM"]
[BlackTitle "GM"]
[WhiteElo "2757"]
[BlackElo "2731"]
[WhiteFideId "13401319"]
[BlackFideId "14100010"]
[EventDate "2013.12.14"]

1. d4 d6 2. Nf3 g6 3. g3 Bg7 4. Bg2 Nf6 5. O-O O-O 6. c4 Bf5 7. Re1 Nc6 8. d5
Na5 9. Nbd2 c5 10. e4 Bg4 11. Rb1 e6 12. b3 exd5 13. cxd5 Re8 14. Bb2 b5 15. h3
Bxf3 16. Qxf3 Nd7 17. Bxg7 Kxg7 18. Qc3+ Kg8 19. f4 f6 20. Kh2 Nb7 21. h4 Qa5
22. Qb2 c4 23. bxc4 Nbc5 24. Nb3 Nxb3 25. axb3 bxc4 26. bxc4 Rab8 27. Qa1 Qxa1
28. Rxa1 Rb2 29. Rxa7 Nc5 30. Kg1 Rc2 31. Rc7 Rxc4 32. e5 fxe5 33. fxe5 Rxe5 1-0

[Event "SportAccord Blitz Men 2013"]
[Site "Beijing CHN"]
[Date "2013.12.15"]
[Round "17.3"]
[White "Nepomniachtchi, Ian"]
[Black "Karjakin, Sergey"]
[Result "0-1"]
[WhiteTitle "GM"]
[BlackTitle "GM"]
[WhiteElo "2721"]
[BlackElo "2756"]
[WhiteFideId "4168119"]
[BlackFideId "14109603"]
[EventDate "2013.12.14"]

1. c4 e5 2. Nc3 Nf6 3. g3 d5 4. cxd5 Nxd5 5. Bg2 Nb6 6. d3 Be7 7. Be3 O-O 8. Rc1
Re8 9. a3 Bf8 10. Nf3 Nc6 11. O-O Bg4 12. Ne4 Nd4 13. Bxd4 exd4 14. Qd2 c6 15.
b4 Nd5 16. Nxd4 Nxb4 17. Qb2 Na6 18. e3 Rb8 19. Qb3 Qa5 20. Nc2 Be6 21. Qb2 Nc5
22. Nxc5 Bxc5 23. d4 Bf8 24. Rfd1 Red8 25. Ne1 Bxa3 26. Ra1 Qxe1+ 27. Rxe1 Bxb2
28. Rxa7 Bc3 29. Rb1 b5 30. Bxc6 b4 31. Be4 g6 32. Bd3 Ra8 33. Rb7 Rdb8 34. Rc7
Rc8 35. Rb7 b3 36. R7xb3 Bxb3 37. Rxb3 Rab8 38. Ra3 Rc7 39. Kf1 Rb2 40. h4 Bb4
41. Ra1 Kg7 42. Be4 Rd2 43. Rb1 Ba3 44. Kg2 f5 45. Bd5 Rcc2 46. Rb7+ Kf8 47.
Rxh7 Rxf2+ 48. Kg1 Rfd2 49. Bf3 Rc1+ 0-1

[Event "SportAccord Blitz Men 2013"]
[Site "Beijing CHN"]
[Date "2013.12.15"]
[Round "17.4"]
[White "Grischuk, Alexander"]
[Black "Radjabov, Teimour"]
[Result "1-0"]
[WhiteTitle "GM"]
[BlackTitle "GM"]
[WhiteElo "2783"]
[BlackElo "2713"]
[WhiteFideId "4126025"]
[BlackFideId "13400924"]
[EventDate "2013.12.14"]

1. e4 c5 2. Nf3 Nc6 3. Bb5 e6 4. O-O Nge7 5. Nc3 a6 6. Bxc6 bxc6 7. d3 Ng6 8. e5
f6 9. Re1 Be7 10. b3 O-O 11. Bb2 fxe5 12. Nxe5 Nxe5 13. Rxe5 d6 14. Re3 e5 15.
Ne4 Bf5 16. Qe2 Qd7 17. Re1 Bg6 18. a3 Rae8 19. b4 cxb4 20. axb4 Qb7 21. c3 Qb8
22. Ba3 d5 23. Nc5 Bxc5 24. bxc5 a5 25. h3 Re7 26. Bb2 Rfe8 27. c4 dxc4 28. dxc4
e4 29. Rg3 e3 30. Rxe3 Rxe3 31. fxe3 Be4 32. Bc3 Qa7 33. Qg4 Bg6 34. Rd1 Qxc5
35. Bd4 Qxc4 36. Qd7 Qf7 37. Qxc6 Be4 38. Qd6 Re6 39. Qd8+ Re8 40. Qxa5 h6 41.
Rf1 Qg6 42. Qa2+ Qe6 43. Qb2 Qg6 44. Rf4 h5 45. Qa2+ Qe6 46. Qxe6+ Rxe6 47. Kh2
Re7 48. g4 hxg4 49. Rxg4 Bf5 50. Rg5 g6 51. Rg2 Rc7 52. Kg3 Kf7 53. Rb2 g5 54.
Rb6 Be6 55. Rb8 Kg6 56. Re8 Bf7 57. Re5 Rc6 58. Ra5 Re6 59. Kf3 Be8 60. Ra7 Bf7
61. Rc7 Rd6 62. Kg3 Re6 63. Rc5 Rd6 64. Rc1 Re6 65. Rf1 Be8 66. Rf2 Bf7 67. Rb2
Be8 68. Rb1 Bf7 69. Ra1 Rc6 70. Rg1 Bd5 71. h4 gxh4+ 72. Kxh4+ Kf7 73. Rg7+ Ke6
74. Kg5 Be4 75. Kf4 Bd3 76. e4 Rc4 77. Rg6+ Kf7 78. Rd6 Ke7 79. Rd5 Bc2 80. Ke5
Rc6 81. Bc5+ Kf7 82. Kd4 Bb3 83. Rd7+ Kg6 84. e5 Be6 85. Rd8 Ra6 86. Bd6 Rc6 87.
Rf8 Bf7 88. Rb8 Rc4+ 89. Kd3 Rc1 90. Rb2 Rd1+ 91. Ke3 Re1+ 92. Kd4 Rd1+ 93. Kc5
Rc1+ 94. Kb6 Bd5 95. Rf2 Rc6+ 96. Kb5 Rc1 1-0

[Event "SportAccord Blitz Men 2013"]
[Site "Beijing CHN"]
[Date "2013.12.15"]
[Round "17.6"]
[White "Kamsky, Gata"]
[Black "Giri, Anish"]
[Result "1/2-1/2"]
[WhiteTitle "GM"]
[BlackTitle "GM"]
[WhiteElo "2721"]
[BlackElo "2734"]
[WhiteFideId "2000024"]
[BlackFideId "24116068"]
[EventDate "2013.12.14"]

1. d4 Nf6 2. Nf3 e6 3. Bf4 c5 4. e3 Qb6 5. Qc1 Nc6 6. c3 Nh5 7. Bg3 h6 8. Nbd2
d5 9. Bd3 Be7 10. O-O Nxg3 11. hxg3 O-O 12. a3 a5 13. a4 Bd7 14. Bb5 Rfd8 15.
Re1 Rac8 16. Qd1 Nb8 17. Bxd7 Nxd7 18. Qb3 Qxb3 19. Nxb3 b6 20. Nc1 Rb8 21. Re2
Rdc8 22. Nd3 b5 23. axb5 Rxb5 24. Nfe5 Nxe5 25. Nxe5 Bd6 26. Nd3 c4 27. Nc1 Rcb8
28. Ra2 a4 29. Rc2 Rb3 30. g4 a3 31. bxa3 Rxa3 32. Rxa3 Bxa3 33. Ne2 Rb3 34. g3
Kf8 35. Kg2 Ke7 36. Kf3 Kd6 37. e4 f6 38. exd5 exd5 39. Ke3 Bb2 40. Kd2 g5 41.
Ng1 Ke6 42. f3 f5 43. Nh3 fxg4 44. fxg4 Ba3 45. Ke2 Bb2 46. Kd2 Ba3 47. Ke2 Bb2
48. Kd2 1/2-1/2

[Event "SportAccord Blitz Men 2013"]
[Site "Beijing CHN"]
[Date "2013.12.15"]
[Round "17.7"]
[White "Leko, Peter"]
[Black "Vachier-Lagrave, Maxime"]
[Result "0-1"]
[WhiteTitle "GM"]
[BlackTitle "GM"]
[WhiteElo "2730"]
[BlackElo "2745"]
[WhiteFideId "703303"]
[BlackFideId "623539"]
[EventDate "2013.12.14"]

1. c4 e5 2. g3 Nf6 3. Bg2 c6 4. d4 exd4 5. Qxd4 Na6 6. Nc3 Bc5 7. Qd1 O-O 8. Nf3
Re8 9. O-O d6 10. b3 Bf5 11. Bb2 Nc7 12. Na4 Bb6 13. Nxb6 axb6 14. Nd4 Be4 15.
Bh3 d5 16. cxd5 Ncxd5 17. Qd2 Bg6 18. e3 Qe7 19. Qe2 Ne4 20. a3 Rad8 21. Bg2 c5
22. Nb5 Ndf6 23. Rfd1 Bh5 24. f3 Nd6 25. Nxd6 Rxd6 26. Rxd6 Qxd6 27. Rd1 Qe6 28.
Rd3 b5 29. Qd2 h6 30. e4 c4 31. Rd6 Qe7 32. Bxf6 gxf6 33. Rd5 Bg6 34. Rxb5 Rd8
35. Rd5 Rxd5 36. Qxd5 c3 37. Qc4 Qe5 38. f4 Qa5 39. a4 Qb6+ 40. Kf1 Qe3 41. f5
Bh5 42. e5 Qc1+ 0-1

[Event "SportAccord Blitz Men 2013"]
[Site "Beijing CHN"]
[Date "2013.12.15"]
[Round "17.8"]
[White "Wang, Hao"]
[Black "Ponomariov, Ruslan"]
[Result "0-1"]
[WhiteTitle "GM"]
[BlackTitle "GM"]
[WhiteElo "2735"]
[BlackElo "2731"]
[WhiteFideId "8602883"]
[BlackFideId "14103320"]
[EventDate "2013.12.14"]

1. Nf3 f5 2. g3 Nf6 3. Bg2 g6 4. O-O Bg7 5. c4 O-O 6. d4 d6 7. Nc3 c6 8. Rb1 a5
9. b3 Na6 10. Bb2 Qc7 11. Re1 e5 12. dxe5 dxe5 13. e4 Re8 14. Ba3 Nb4 15. Qe2
fxe4 16. Nxe4 Nxe4 17. Qxe4 Bf5 18. Qh4 Bxb1 19. Rxb1 e4 20. Ng5 Bf6 21. Bc1 e3
22. fxe3 Nd3 23. Qg4 Bxg5 24. Qxg5 Qf7 25. h4 Qf2+ 26. Kh1 Qc2 27. Ra1 Nxc1 28.
h5 Qb2 29. hxg6 Qxa1 0-1

[Event "SportAccord Blitz Men 2013"]
[Site "Beijing CHN"]
[Date "2013.12.15"]
[Round "18.2"]
[White "Ponomariov, Ruslan"]
[Black "Leko, Peter"]
[Result "1-0"]
[WhiteTitle "GM"]
[BlackTitle "GM"]
[WhiteElo "2731"]
[BlackElo "2730"]
[WhiteFideId "14103320"]
[BlackFideId "703303"]
[EventDate "2013.12.14"]

1. e4 e5 2. Nf3 Nc6 3. Bb5 Nf6 4. O-O Nxe4 5. d4 Nd6 6. Bxc6 dxc6 7. dxe5 Nf5 8.
Qxd8+ Kxd8 9. Nc3 Ke8 10. Ne2 b6 11. Rd1 Bb7 12. a4 a5 13. Nfd4 Nxd4 14. Nxd4
Rd8 15. Bg5 Rd7 16. e6 fxe6 17. Nxe6 Bd6 18. Rd3 h6 19. Bh4 Ba6 20. Rf3 Rf7 21.
Bg3 Re7 22. Nd4 Bxg3 23. Rxg3 g5 24. Nxc6 Re4 25. Rd1 Rf8 26. Re3 Rxe3 27. Rd8+
Kf7 28. Rxf8+ Kxf8 29. fxe3 Kf7 30. Kf2 Ke6 31. e4 Kd6 32. Nd4 Ke5 33. Ke3 Bb7
34. Nf3+ Kf6 35. b3 Ba6 36. Kd4 Bf1 37. g3 Ke6 38. Nd2 Bh3 39. Nc4 Bg2 40. Ne3
Bf3 41. Nd5 c5+ 42. Ke3 Bd1 43. Kd2 Bf3 44. Nxb6 Bxe4 45. Nc4 Kf5 46. Nd6+ Ke5
47. Nxe4 Kxe4 48. c3 Kf3 49. b4 1-0

[Event "SportAccord Blitz Men 2013"]
[Site "Beijing CHN"]
[Date "2013.12.15"]
[Round "18.3"]
[White "Vachier-Lagrave, Maxime"]
[Black "Kamsky, Gata"]
[Result "1-0"]
[WhiteTitle "GM"]
[BlackTitle "GM"]
[WhiteElo "2745"]
[BlackElo "2721"]
[WhiteFideId "623539"]
[BlackFideId "2000024"]
[EventDate "2013.12.14"]

1. e4 c5 2. Nf3 e6 3. c3 d5 4. exd5 exd5 5. d4 c4 6. b3 cxb3 7. axb3 Bd6 8. Bd3
Ne7 9. Qc2 Nbc6 10. h3 h6 11. O-O O-O 12. Re1 Be6 13. Nbd2 Rc8 14. Qb1 a6 15.
Nf1 Qd7 16. Ng3 Bxg3 17. fxg3 Bf5 18. g4 Bxd3 19. Qxd3 Rfe8 20. Bd2 Ng6 21. Nh2
Rxe1+ 22. Rxe1 Re8 23. Nf1 Rxe1 24. Bxe1 Qe6 25. Bg3 Nge7 26. Ne3 f6 27. Kf2 Na5
28. c4 Nac6 29. Nf5 Nxf5 30. gxf5 Qd7 31. Bf4 dxc4 32. Qxc4+ Kh7 33. d5 Ne5 34.
Bxe5 fxe5 35. g4 Qe7 36. Kf3 Qg5 37. Qe4 Qf6 38. Qe3 g6 39. Qe4 b5 40. b4 h5 41.
Ke2 gxf5 42. Qxf5+ Qxf5 43. gxf5 Kg7 44. d6 Kf6 45. Ke3 h4 46. Kd3 Kf7 47. Ke4
Kf6 1-0

[Event "SportAccord Blitz Men 2013"]
[Site "Beijing CHN"]
[Date "2013.12.15"]
[Round "18.4"]
[White "Giri, Anish"]
[Black "Le, Quang Liem"]
[Result "0-1"]
[WhiteTitle "GM"]
[BlackTitle "GM"]
[WhiteElo "2734"]
[BlackElo "2703"]
[WhiteFideId "24116068"]
[BlackFideId "12401137"]
[EventDate "2013.12.14"]

1. d4 g6 2. c4 Bg7 3. Nf3 Nf6 4. g3 d5 5. cxd5 Nxd5 6. Bg2 Nb6 7. Nc3 Nc6 8. e3
O-O 9. O-O a5 10. b3 e5 11. dxe5 Nxe5 12. Nxe5 Bxe5 13. Bb2 c6 14. Qc2 Qe7 15.
Rad1 Bg4 16. f3 Be6 17. f4 Bg7 18. e4 Rad8 19. Kh1 Qc5 20. Rxd8 Rxd8 21. f5 gxf5
22. exf5 Bd5 23. f6 Bf8 24. Qe2 Bxg2+ 25. Qxg2 Nd5 26. Ne4 Qe3 27. Bc1 Qd3 28.
Ng5 Re8 29. Qh3 Re2 30. Qh5 Re7 31. Rd1 Nxf6 32. Qxf7+ Rxf7 33. Rxd3 Re7 34. Nf3
Nd5 35. Bg5 Re6 36. Rd2 Bb4 37. Rc2 h6 38. Bc1 Kg7 39. Kg2 Kg6 40. Nh4+ Kh7 41.
Rf2 Kg8 42. Nf5 h5 43. Nh6+ Kg7 44. Nf5+ Kg8 45. Nh6+ Kg7 46. Nf5+ Kh7 47. Nh4
Kg8 48. Bg5 Bc5 49. Rd2 Kg7 50. Nf3 Kg6 51. Rc2 Be3 52. Re2 Kf7 53. Bxe3 Nxe3+
54. Kh3 Kf6 55. Nd4 Re7 56. Nc2 Nf5 57. Rf2 Kg5 58. Kg2 b5 59. h4+ Kg6 60. Rd2
c5 61. Kh3 c4 62. bxc4 bxc4 63. g4 hxg4+ 64. Kxg4 Re4+ 65. Kf3 Rxh4 66. Rf2 Kf6
67. Ke2 Ke5 68. Kd2 Rh3 69. Re2+ Kd5 70. Re8 Nd6 71. Ra8 c3+ 72. Ke2 Ke4 73.
Rxa5 Rh2+ 74. Kd1 Nc4 75. Ra4 Kd5 76. Ra8 Nb2+ 77. Kc1 Nd3+ 78. Kd1 Rd2# 0-1

[Event "SportAccord Blitz Men 2013"]
[Site "Beijing CHN"]
[Date "2013.12.15"]
[Round "18.5"]
[White "Dominguez Perez, Leinier"]
[Black "Grischuk, Alexander"]
[Result "0-1"]
[WhiteTitle "GM"]
[BlackTitle "GM"]
[WhiteElo "2754"]
[BlackElo "2783"]
[WhiteFideId "3503240"]
[BlackFideId "4126025"]
[EventDate "2013.12.14"]

1. e4 c6 2. Nc3 d5 3. Nf3 Nf6 4. e5 Ne4 5. Ne2 Qb6 6. d4 e6 7. Ng3 c5 8. c3 Nc6
9. Bd3 cxd4 10. Nxe4 dxe4 11. Bxe4 dxc3 12. bxc3 Qa6 13. Bd3 Qa5 14. O-O Nxe5
15. Nxe5 Qxe5 16. Re1 Qc7 17. Bb5+ Bd7 18. Bf4 Qc8 19. Bxd7+ Qxd7 20. Qg4 h5 21.
Qf3 Qc6 22. Qxc6+ bxc6 23. Rab1 Bc5 24. Rb7 O-O 25. Rd1 Rfd8 26. Rxd8+ Rxd8 27.
Kf1 Rd3 28. Rc7 Rd1+ 29. Ke2 Ra1 30. Rxc6 Rxa2+ 31. Kd3 Bxf2 32. h3 f6 33. Rxe6
Bb6 34. g4 Kf7 35. Re4 hxg4 36. hxg4 Ra5 37. Be3 Rd5+ 38. Kc2 Re5 39. Rxe5 fxe5
40. Bc1 e4 41. Kd1 Ke6 42. Bf4 Kd5 43. Kc2 Kc4 44. g5 g6 45. Be5 a5 46. Bf6 a4
47. Be7 Bc5 0-1

[Event "SportAccord Blitz Men 2013"]
[Site "Beijing CHN"]
[Date "2013.12.15"]
[Round "18.6"]
[White "Radjabov, Teimour"]
[Black "Nepomniachtchi, Ian"]
[Result "1-0"]
[WhiteTitle "GM"]
[BlackTitle "GM"]
[WhiteElo "2713"]
[BlackElo "2721"]
[WhiteFideId "13400924"]
[BlackFideId "4168119"]
[EventDate "2013.12.14"]

1. d4 g6 2. c4 Bg7 3. Nc3 d6 4. e4 Nc6 5. Be3 f5 6. d5 Ne5 7. exf5 Bxf5 8. Be2
Nf6 9. Nf3 Nxf3+ 10. Bxf3 O-O 11. O-O Qd7 12. Re1 a6 13. Bd4 c5 14. dxc6 bxc6
15. Qd2 e5 16. Be3 Qc7 17. Bh6 Rad8 18. Rad1 Rfe8 19. Bxg7 Kxg7 20. Qe3 a5 21.
b3 h6 22. h3 g5 23. Rd2 Bg6 24. Red1 Re7 25. Be4 Bf7 26. Bf3 Red7 27. Re1 Re7
28. Red1 Red7 29. Re1 d5 30. Qc5 e4 31. Bg4 Qf4 32. Rdd1 Nxg4 33. hxg4 Qxg4 34.
cxd5 cxd5 35. Qd4+ Kg8 36. Na4 Qf5 37. Nc5 Re7 38. Nxe4 Re6 39. Ng3 Qf6 40. Rxe6
Qxd4 41. Rxd4 Bxe6 42. Ne2 Re8 43. Rd2 Bf7 44. f3 Kg7 45. Kf2 Kf6 46. Nd4 h5 47.
Rc2 Ra8 48. Rc6+ Ke7 49. Ke3 a4 50. b4 a3 51. b5 Be8 52. Re6+ Kf7 53. Re5 Ra4
54. Rxg5 Rb4 55. Rxh5 Rb2 56. Rh7+ Kf6 57. Rh6+ Kg7 58. Ra6 Rxa2 59. b6 Rb2 60.
Rxa3 Rxb6 61. Rb3 Ra6 62. g4 Bf7 63. f4 Ra1 64. Rb6 Re1+ 65. Kd3 Rg1 66. Nf5+
Kh7 67. Rh6+ Kg8 68. Rf6 Be8 69. g5 Rd1+ 70. Ke3 Bb5 71. g6 d4+ 72. Nxd4 Bd3 73.
f5 Bb1 74. Rd6 Re1+ 75. Kf4 Rf1+ 76. Kg5 Kf8 77. Kf6 Ke8 78. g7 Ba2 79. Ne6 1-0

[Event "SportAccord Blitz Men 2013"]
[Site "Beijing CHN"]
[Date "2013.12.15"]
[Round "18.7"]
[White "Karjakin, Sergey"]
[Black "Mamedyarov, Shakhriyar"]
[Result "0-1"]
[WhiteTitle "GM"]
[BlackTitle "GM"]
[WhiteElo "2756"]
[BlackElo "2757"]
[WhiteFideId "14109603"]
[BlackFideId "13401319"]
[EventDate "2013.12.14"]

1. e4 c6 2. d4 d5 3. e5 Bf5 4. Nf3 e6 5. Be2 Ne7 6. O-O Bg6 7. Nbd2 Nf5 8. Nb3
Nd7 9. Bd2 Be7 10. g4 Nh6 11. Ne1 c5 12. Nxc5 Nxc5 13. dxc5 Bxc5 14. Bb5+ Kf8
15. h3 Ng8 16. Nd3 Bb6 17. Bb4+ Ne7 18. Nc5 Bxc5 19. Bxc5 Kg8 20. c4 h5 21. g5
a6 22. Ba4 Rc8 23. b4 b6 24. Be3 Nf5 25. Bd2 Rxc4 26. Rc1 Rh4 27. Kh2 Nd4 28. f4
Be4 29. Be1 Rg4 30. Rg1 Nf3+ 0-1

[Event "SportAccord Blitz Men 2013"]
[Site "Beijing CHN"]
[Date "2013.12.15"]
[Round "19.2"]
[White "Wang, Yue"]
[Black "Karjakin, Sergey"]
[Result "1/2-1/2"]
[WhiteTitle "GM"]
[BlackTitle "GM"]
[WhiteElo "2723"]
[BlackElo "2756"]
[WhiteFideId "8601429"]
[BlackFideId "14109603"]
[EventDate "2013.12.14"]

1. c4 Nf6 2. g3 e5 3. Bg2 d5 4. cxd5 Nxd5 5. Nc3 Nb6 6. Nf3 Nc6 7. O-O Be7 8. d3
O-O 9. Be3 Re8 10. Rc1 Bf8 11. a3 Bg4 12. Ne4 Nd4 13. Bxd4 exd4 14. h3 Bxf3 15.
Bxf3 c6 16. Kg2 a5 17. Qd2 Nd7 18. Qg5 Ne5 19. Qxd8 Rexd8 20. Rc2 Nxf3 21. exf3
Rd5 22. f4 a4 23. Kf3 Rb5 24. Nd2 Re8 25. Rb1 Rd8 26. Rc4 Ra5 27. Re1 f6 28. g4
Kf7 29. f5 Ra6 30. h4 h5 31. gxh5 Rd5 32. Kg4 Rb6 33. Rb1 Rdb5 34. Rxa4 Rxb2 35.
Rxb2 Rxb2 36. Ne4 c5 37. Ra7 Be7 38. h6 gxh6 39. Kh5 c4 40. dxc4 d3 41. Ra5 Re2
42. f3 Re3 43. Kg4 h5+ 44. Kf4 Re1 45. Rd5 Rd1 46. Ke3 Bxa3 47. Rxd3 Rb1 48.
Rd7+ Be7 49. c5 Kf8 50. Rc7 Rb3+ 51. Kd4 Ke8 52. Rc8+ Kd7 53. Rh8 Rxf3 54. Rxh5
Kc6 55. Rh7 Bd8 56. h5 Rxf5 57. h6 Bc7 58. Rf7 Be5+ 59. Kd3 Rf3+ 60. Ke2 Rh3 61.
h7 Kd5 62. Nf2 Rh2 63. Kf3 Kxc5 64. Ng4 Rh5 65. Rxb7 Kd6 66. Nxe5 fxe5 67. Kg4
Rh1 68. Kf5 Kd5 69. Rd7+ Kc6 70. Re7 Kd6 71. Rg7 e4 1/2-1/2

[Event "SportAccord Blitz Men 2013"]
[Site "Beijing CHN"]
[Date "2013.12.15"]
[Round "19.3"]
[White "Mamedyarov, Shakhriyar"]
[Black "Radjabov, Teimour"]
[Result "1/2-1/2"]
[WhiteTitle "GM"]
[BlackTitle "GM"]
[WhiteElo "2757"]
[BlackElo "2713"]
[WhiteFideId "13401319"]
[BlackFideId "13400924"]
[EventDate "2013.12.14"]

1. d4 Nf6 2. c4 g6 3. Nf3 Bg7 4. g3 c5 5. Bg2 O-O 6. O-O cxd4 7. Nxd4 d5 8. cxd5
Nxd5 9. Nb5 Be6 10. Nd4 Bc8 11. Nb5 Be6 12. Nd4 Bc8 13. Nb5 Be6 1/2-1/2

[Event "SportAccord Blitz Men 2013"]
[Site "Beijing CHN"]
[Date "2013.12.15"]
[Round "19.4"]
[White "Nepomniachtchi, Ian"]
[Black "Dominguez Perez, Leinier"]
[Result "0-1"]
[WhiteTitle "GM"]
[BlackTitle "GM"]
[WhiteElo "2721"]
[BlackElo "2754"]
[WhiteFideId "4168119"]
[BlackFideId "3503240"]
[EventDate "2013.12.14"]

1. e4 d6 2. d4 Nf6 3. Nc3 g6 4. Nf3 Bg7 5. h3 O-O 6. Be3 a6 7. Bd3 Nc6 8. Qd2 e5
9. dxe5 Nxe5 10. Nxe5 dxe5 11. Bh6 Be6 12. O-O-O Qe7 13. g4 Rfd8 14. f3 c5 15.
Bxg7 Kxg7 16. Qg5 Qc7 17. h4 c4 18. Be2 Qc5 19. Nd5 Bxd5 20. Qxe5 Qe3+ 21. Kb1
Re8 22. Qh2 Be6 23. h5 g5 24. h6+ Kg8 25. Qe5 Qf4 26. Qxf4 gxf4 27. g5 Nd7 28.
Rh4 Ne5 29. Rxf4 Rad8 30. Kc1 c3 31. bxc3 Rxd1+ 32. Bxd1 Bxa2 33. Rf5 Nd7 34.
Ra5 Bc4 35. Ra4 Bb5 36. Rd4 Bc6 37. Rd2 Kf8 38. Rg2 Re5 39. Be2 Rc5 40. Kd2 Ne5
41. Ke3 Ng6 42. f4 Rxc3+ 43. Bd3 b5 44. Rf2 b4 45. Kd4 a5 46. f5 Ne7 47. e5 Bb7
48. g6 Nc6+ 49. Kd5 Ne7+ 50. Kd4 Nc6+ 51. Ke4 Kg8 52. Kf4 Ne7 53. gxf7+ Kxf7 54.
Kg5 Rc5 55. e6+ Kf8 56. Rd2 Bc8 57. Be4 Bxe6 58. Kf6 Bd5 59. c4 bxc3 60. Rd4 c2
61. Bxc2 Rxc2 62. Rd3 Rf2 63. Ke5 Rxf5+ 64. Kd6 Kf7 0-1

[Event "SportAccord Blitz Men 2013"]
[Site "Beijing CHN"]
[Date "2013.12.15"]
[Round "19.5"]
[White "Grischuk, Alexander"]
[Black "Giri, Anish"]
[Result "1/2-1/2"]
[WhiteTitle "GM"]
[BlackTitle "GM"]
[WhiteElo "2783"]
[BlackElo "2734"]
[WhiteFideId "4126025"]
[BlackFideId "24116068"]
[EventDate "2013.12.14"]

1. e4 c5 2. Nf3 g6 3. d4 cxd4 4. Nxd4 Bg7 5. Nc3 Nc6 6. Be3 Nf6 7. Bc4 d6 8. f3
O-O 9. Qd2 Bd7 10. h4 h5 11. O-O-O Rc8 12. Bb3 Ne5 13. Bg5 Rc5 14. Kb1 Re8 15.
Rhe1 Qc8 16. Bh6 Bxh6 17. Qxh6 Rxc3 18. bxc3 Qxc3 19. Re3 Qb4 20. c3 Qb6 21. Ka1
Rc8 22. g4 hxg4 23. f4 Nc4 24. e5 Nd5 25. e6 Ndxe3 26. exd7 Rd8 27. f5 Qa5 28.
Rc1 Qa3 29. Rb1 Qa5 30. Rc1 Qa3 31. Rb1 Qa5 1/2-1/2

[Event "SportAccord Blitz Men 2013"]
[Site "Beijing CHN"]
[Date "2013.12.15"]
[Round "19.6"]
[White "Le, Quang Liem"]
[Black "Vachier-Lagrave, Maxime"]
[Result "1-0"]
[WhiteTitle "GM"]
[BlackTitle "GM"]
[WhiteElo "2703"]
[BlackElo "2745"]
[WhiteFideId "12401137"]
[BlackFideId "623539"]
[EventDate "2013.12.14"]

1. Nf3 Nf6 2. g3 g6 3. b3 Bg7 4. Bb2 O-O 5. Bg2 d6 6. O-O e5 7. c4 Nc6 8. Nc3
Re8 9. d4 e4 10. Ne1 h5 11. Nc2 h4 12. Qd2 Bf5 13. Ne3 Qd7 14. Rad1 Bh3 15. Rfe1
Bxg2 16. Nxg2 hxg3 17. hxg3 e3 18. Nxe3 Qh3 19. Nf1 Ne4 20. Qf4 g5 21. Qf3 Nxd4
22. Rxd4 Bxd4 23. Nxe4 Bxb2 24. Nxg5 Qd7 25. Ne3 Bg7 26. Nf5 Re5 27. e4 Rae8 28.
Re3 f6 29. Nh3 Qf7 30. Nf4 Kh7 31. Nd3 Ra5 32. a4 Bh6 33. Re1 Qg6 34. Kg2 Kg8
35. Rh1 Bg5 36. Qg4 a6 37. Rh6 Qf7 38. Rh4 Rxf5 39. exf5 Qg7 40. Rh1 Bd2 41. Qf3
c6 42. Rd1 Bh6 43. Nf4 Qd7 44. Ne6 Rxe6 45. Qg4+ Kf7 46. Qg6+ 1-0

[Event "SportAccord Blitz Men 2013"]
[Site "Beijing CHN"]
[Date "2013.12.15"]
[Round "19.7"]
[White "Kamsky, Gata"]
[Black "Ponomariov, Ruslan"]
[Result "1-0"]
[WhiteTitle "GM"]
[BlackTitle "GM"]
[WhiteElo "2721"]
[BlackElo "2731"]
[WhiteFideId "2000024"]
[BlackFideId "14103320"]
[EventDate "2013.12.14"]

1. d4 f5 2. g3 Nf6 3. Bg2 g6 4. c3 Bg7 5. h4 Nc6 6. Nd2 e5 7. d5 Ne7 8. d6 Nc6
9. Nc4 O-O 10. Bd5+ Kh8 11. Nf3 b5 12. Ncxe5 Nxd5 13. Qxd5 Qe8 14. h5 gxh5 15.
Bf4 Bb7 16. Qxb5 Nxe5 17. Qxb7 Rb8 18. Qd5 c6 19. Qxe5 Bxe5 20. Bxe5+ Kg8 21. b3
Rb5 22. Bf4 Qe4 23. Rxh5 Re8 24. Kf1 Rd5 25. Kg2 Re6 26. Rah1 h6 27. c4 Rdxd6
28. Bxd6 Rxd6 29. e3 Qc2 30. R1h4 c5 31. Rf4 Rf6 32. Nh4 Qxa2 33. Nxf5 Kh7 34.
Rfh4 Qxb3 35. Nxh6 Kg6 36. Ng4 Qb7+ 37. Kh2 Re6 38. Rh7 a5 39. R4h6+ Kf5 40. Rh4
Rg6 41. R7h5+ Ke6 42. Re5+ Kd6 43. Rd5+ Kc7 44. Rxc5+ Rc6 45. Rxa5 Rxc4 46. Rf5
Qb4 47. Rf4 Rxf4 48. gxf4 Qe4 49. Kg3 Qb1 50. Rh2 d6 51. Rg2 Kd7 52. Rh2 Qg1+
53. Kf3 Qd1+ 54. Kg3 Qg1+ 55. Rg2 Qd1 56. Nh2 Ke6 57. Nf3 Kd5 58. Rh2 Kc6 59.
Rh6 Qb1 60. f5 Kd7 61. Nd4 Qg1+ 62. Kf3 Qg5 63. Rh7+ Ke8 64. Rh8+ Ke7 65. Rh1
Qg8 66. Rh6 Qg5 67. Re6+ Kd7 68. Rg6 Qh5+ 69. Kg3 Ke7 70. Rg7+ Kf6 71. Rd7 Qg5+
72. Kf3 Qh5+ 73. Ke4 Qh2 74. Kd3 Qe5 75. f4 Qc5 76. Rb7 d5 77. Rb3 Qc4+ 78. Kd2
Qa6 79. Rc3 Qa2+ 80. Rc2 Qa5+ 81. Ke2 Qa1 82. Rc6+ Kf7 83. Nf3 Qa2+ 84. Ke1 Qb1+
85. Kf2 Qxf5 86. Rc7+ Ke8 87. Nd4 Qe4 88. Rc6 Kf7 89. Rd6 Kf8 90. Rf6+ Kg7 91.
Rf5 Qh1 92. Nf3 Qd1 93. Rg5+ Kf6 94. Kg3 Qb3 95. Re5 Qc4 96. Nd4 Qc5 97. Re6+
Kf7 98. f5 Qc1 99. Kf4 Qb1 100. Ke5 Qe4+ 101. Kd6 Qg2 102. Nc6 Kf8 103. f6 Qf3
104. Ne5 Qg3 105. Kxd5 Qg2+ 106. Kd6 Qd2+ 107. Kc7 Qa5+ 108. Kc6 Qa6+ 109. Kd5
Qa2+ 110. Nc4 Kf7 111. Rd6 Qb3 112. Kc5 Kg6 113. e4 Qc3 114. e5 Kf7 115. Rd7+
Kg6 116. f7 Kg7 117. e6 Qf6 118. Rd6 Qe7 119. Ne5 Qa7+ 120. Kd5 Qb7+ 121. Rc6
Qb3+ 122. Kd6 Qb4+ 123. Rc5 Qb8+ 124. Kd7 Qa7+ 125. Kd6 Qb8+ 126. Kd5 Qb7+ 127.
Nc6 Qb3+ 128. Kd6 Qa3 129. Ne5 Qa6+ 130. Rc6 Qa3+ 131. Kd5 Qb3+ 132. Ke4 Qb1+
133. Kd5 Qb3+ 134. Rc4 Qb5+ 135. Kd6 Qb8+ 136. Rc7 Qb4+ 137. Kd5 Qa5+ 138. Rc5
Qa8+ 139. Nc6 Qa2+ 140. Kd6 Qa3 141. Nd4 Qa6+ 142. Ke5 Qa1 143. Rc8 Qa5+ 144.
Ke4 1-0

[Event "SportAccord Blitz Men 2013"]
[Site "Beijing CHN"]
[Date "2013.12.15"]
[Round "20.2"]
[White "Wang, Hao"]
[Black "Kamsky, Gata"]
[Result "1-0"]
[WhiteTitle "GM"]
[BlackTitle "GM"]
[WhiteElo "2735"]
[BlackElo "2721"]
[WhiteFideId "8602883"]
[BlackFideId "2000024"]
[EventDate "2013.12.14"]

1. d4 Nf6 2. c4 e6 3. Nc3 Bb4 4. Nf3 b6 5. e3 Bb7 6. Bd3 O-O 7. O-O c5 8. Bd2 d6
9. Qe2 Nbd7 10. Rad1 Qe7 11. a3 Bxc3 12. Bxc3 Ne4 13. Be1 a5 14. Nd2 Nxd2 15.
Bxd2 a4 16. Bc3 f5 17. Bc2 Nf6 18. f3 h6 19. Rd2 Rf7 20. Rfd1 Bc6 21. dxc5 dxc5
22. Rd6 Rc8 23. Qd2 Rff8 24. Be5 Ne8 25. Rxc6 Rxc6 26. Bxa4 Rc8 27. Qd7 Qxd7 28.
Bxd7 Ra8 29. Bxe6+ Kh7 30. Rd7 Kg6 31. Rb7 Nf6 32. Rxb6 Rad8 33. Bd5 Rfe8 34. f4
Kh7 35. Bxf6 gxf6 36. Rb7+ Kh8 37. Kf2 Rb8 38. Rb5 Red8 39. a4 Rxb5 40. axb5 Rd6
41. Ke2 Kg7 42. Kd3 Kf8 43. Kc3 Ke7 44. b4 cxb4+ 45. Kxb4 Rd8 46. b6 Kd6 47. Kb5
Re8 48. Bf3 Rxe3 49. c5+ Kd7 50. c6+ Kc8 51. c7 Rc3 52. Bd5 Re3 53. Kc6 Rc3+ 54.
Kd6 1-0